ARRUPE JESUIT UNIVERSITY

CORONAVIRUS -STOP THE SPREAD - CLEAN,DISINFECT,COVER

Anscombe's moral philosophy / (Record no. 126377)

MARC details
000 -LEADER
fixed length control field 01213cam a2200277 a 4500
001 - CONTROL NUMBER
control field 16468302
003 - CONTROL NUMBER IDENTIFIER
control field ARRUPE
005 - DATE AND TIME OF LATEST TRANSACTION
control field 20170411090917.0
008 - FIXED-LENGTH DATA ELEMENTS--GENERAL INFORMATION
fixed length control field 100921s2011 mdu b 001 0 eng
010 ## - LIBRARY OF CONGRESS CONTROL NUMBER
LC control number 2010040254
020 ## - INTERNATIONAL STANDARD BOOK NUMBER
International Standard Book Number 9780739138847 (cloth : alk. paper)
020 ## - INTERNATIONAL STANDARD BOOK NUMBER
International Standard Book Number 9780739138854 (pbk. : alk. paper)
040 ## - CATALOGING SOURCE
Original cataloging agency DLC
Transcribing agency DLC
Modifying agency DLC
042 ## - AUTHENTICATION CODE
Authentication code pcc
050 00 - LIBRARY OF CONGRESS CALL NUMBER
Classification number B1618.A574
Item number R53 2011
082 00 - DEWEY DECIMAL CLASSIFICATION NUMBER
Classification number 170.92
Edition number 22
300 ## - PHYSICAL DESCRIPTION
Dimensions 24 cm.
100 1# - MAIN ENTRY--PERSONAL NAME
Personal name Richter, Duncan.
9 (RLIN) 29743
245 10 - TITLE STATEMENT
Title Anscombe's moral philosophy /
Statement of responsibility, etc Duncan Richter.
260 ## - PUBLICATION, DISTRIBUTION, ETC. (IMPRINT)
Place of publication, distribution, etc Lanham, Md. :
Name of publisher, distributor, etc Lexington Books,
Date of publication, distribution, etc c2011.
300 ## - PHYSICAL DESCRIPTION
Extent 181 p. ;
504 ## - BIBLIOGRAPHY, ETC. NOTE
Bibliography, etc Includes bibliographical references (p. 173-176) and index.
505 0# - FORMATTED CONTENTS NOTE
Formatted contents note War -- Consequentialism -- Obligation -- Intention -- Sex -- Conclusion.
600 10 - SUBJECT ADDED ENTRY--PERSONAL NAME
Personal name Anscombe, G. E. M.
Fuller form of name (Gertrude Elizabeth Margaret)
9 (RLIN) 29744
650 #0 - SUBJECT ADDED ENTRY--TOPICAL TERM
Topical term or geographic name as entry element Ethics.
9 (RLIN) 29745
906 ## - LOCAL DATA ELEMENT F, LDF (RLIN)
a 7
b cbc
c orignew
d 1
e ecip
f 20
g y-gencatlg
942 ## - ADDED ENTRY ELEMENTS (KOHA)
Source of classification or shelving scheme Library of Congress Classification
Koha item type Monograph ( Printed materials)
Holdings
Withdrawn status Lost status Source of classification or shelving scheme Damaged status Not for loan Collection code Home library Current library Shelving location Date acquired Total Checkouts Full call number Barcode Date last seen Date checked out Price effective from Koha item type
    Library of Congress Classification     Main Collection ARRUPE LIBRARY ARRUPE LIBRARY Main Collection 11/04/2017 2 B1618.A574 R53 2010 46500025504 27/05/2020 10/01/2020 11/04/2017 Monograph ( Printed materials)

 

Arrupe Library. PO Box MP320 Mt Pleasant, Harare, Zimbabwe
263 242 745411|librarian@aju.ac.zw